Т. 43, № 4; Известия Геологического Комитета

Detaylı Bibliyografya
Parent link:Известия Геологического Комитета. Т. 43, № 4.— , 1924-
Diğer Yazarlar: Яковлев Н. Н. (редактор)
Dil:Rusça
Baskı/Yayın Bilgisi: 1924
Konular:
Materyal Türü: MixedMaterials Kitap
KOHA link:https://koha.lib.tpu.ru/cgi-bin/koha/opac-detail.pl?biblionumber=231554

MARC

LEADER 00000nam2a2200000 4500
001 231554
005 20231101231109.0
035 |a (RuTPU)RU\TPU\book\252576 
035 |a RU\TPU\book\252575 
090 |a 231554 
100 |a 20130204d1924 k y0rusy50 ca 
101 0 |a rus 
102 |a RU 
105 |a y z 000zy 
200 0 |a Т. 43, № 4  |f под ред. Н. Н. Яковлева 
210 |d 1924 
215 |a 68 с. 
317 |5 63413507: КР-874  |a Поступила в НТБ в 2004 г. в составе книжного собрания профессора ТПИ К. В. Радугина 
461 1 |0 (RuTPU)RU\TPU\book\253549  |t Известия Геологического Комитета  |v Т. 43, № 4  |d 1924- 
606 1 |a Геология  |2 stltpush  |3 (RuTPU)RU\TPU\subj\6095  |9 34054 
610 1 |a региональная геология 
610 1 |a уголь 
610 1 |a запасы 
610 1 |a Черемховское месторождение 
610 1 |a прикладная геология 
610 1 |a разведка 
610 1 |a инструкции 
610 1 |a кора выветривания 
610 1 |a скважины 
610 1 |a библиотека К. В. Радугина 
610 1 |a библиотека М. А. Усова 
675 |a 55  |v 3 
702 1 |a Яковлев  |b Н. Н.  |4 340 
801 1 |a RU  |b 63413507  |c 20130204 
801 2 |a RU  |b 63413507  |c 20170309  |g RCR 
942 |c BK